Historische Persönlichkeiten (Europa) - Statistiken

Allgemein
  • Dieses Quiz wurde 1.112 mal gespielt
  • Das Durchschnittsergebnis liegt bei 7 aus 15
Antwortstatistiken
Hint Antwort % Korrekt
Polnische Physikerin und Chemikerin, welche die Radioaktivität erforschte. Marie Curie
80%
Erschuf die Wandgemälde der sixtinischen Kapelle. Michelangelo
78%
Russischer Zar, bekam schon zu Lebzeiten den Beinamen "Der Schreckliche". Iwan IV.
74%
Sein Drama "Die Räuber" erschien 1781. Friedrich Schiller
71%
Unternahm die erste Autofahrt der Geschichte. Bertha Benz
70%
Verübte 1944 das Attentat auf Adolf Hitler. Claus Schenk Graf von Stauffenberg
64%
König von Preußen, welcher auch Querflöte spielte. Friedrich II.
60%
Mit dem Film "Der Blaue Engel" gelang ihr 1930 der Durchbruch. Marlene Dietrich
48%
Schottische Königin, wurde 1587 von ihrer Cousine Elisabeth I. hingerichtet. Maria Stuart
43%
Unter dem Namen "Spatz" wurde sie mit ihren Chansons weltberühmt. Édith Piaf
35%
Von ihm stammt das Zitat: "Ich denke, also bin ich." René Descartes
30%
Norwegischer Pianist, komponierte die Peer-Gynt-Suiten. Edvard Grieg
27%
Römischer Staatsmann, befürwortete stets die Zerstörung Karthagos. Cato der Censor
18%
Französischer Revolutionär, wurde 1793 in seiner Badewanne erstochen. Jean Paul Marat
16%
Antike Dichterin, welche auf der Insel Lesbos lebte. Sappho
15%
Keine übereinstimmenden Quizze gefunden
Verteilung der Resultate
Anzahl Personen mit jedem Resultat
Perzentil nach korrekt beantworteten Fragen
Ihre Resultats-Entwicklung
Sie haben dieses Quiz noch nicht gespielt